[Event "2BLN 1920 SV Glückauf Rüdersdorf - SV W"]
[Site "?"]
[Date "2020.02.08"]
[Round "7.2"]
[White "Leniart, Arkadiusz"]
[Black "Grigorian, Spartak"]
[Result "1/2-1/2"]
[WhiteElo "2484"]
[BlackElo "2403"]
[PlyCount "60"]
[EventDate "2020.??.??"]

1. e4 c5 2. Nf3 d6 3. d4 cxd4 4. Nxd4 Nf6 5. Nc3 Nc6 6. Nde2 g6 7. g3 Bg7 8.
Bg2 O-O 9. O-O Rb8 10. Nd5 e6 11. Nxf6+ Bxf6 12. c3 b5 13. Nd4 Bd7 14. Be3 Ne5
15. b3 Qa5 16. Ne2 Rfd8 17. h3 Rbc8 18. Qd2 Bc6 19. f4 Nd7 20. Rad1 Ba8 21. Rc1
Be7 22. Rc2 Nf6 23. Qd1 a6 24. Kh2 d5 25. e5 Ne4 26. Bxe4 dxe4 27. Qc1 Rd3 28.
f5 Qc7 29. fxe6 fxe6 30. c4 Qd7 1/2-1/2

[Event "2BLN 1920 SV Glückauf Rüdersdorf - SV W"]
[Site "?"]
[Date "2020.02.08"]
[Round "7.3"]
[White "Reuker, Jari"]
[Black "Sieciechowicz, Marcin"]
[Result "1-0"]
[WhiteElo "2385"]
[BlackElo "2377"]
[PlyCount "109"]
[EventDate "2020.??.??"]

1. c4 Nf6 2. Nf3 c6 3. g3 g6 4. b3 Bg7 5. Bb2 O-O 6. Bg2 d6 7. d4 Qa5+ 8. Qd2
Qxd2+ 9. Nbxd2 d5 10. Ne5 Be6 11. O-O Nbd7 12. Nd3 Bf5 13. Rfe1 Bxd3 14. exd3
e6 15. Nf3 Rfd8 16. Ne5 Ne8 17. f4 Nd6 18. Rad1 Nf5 19. Kf2 h5 20. h3 Nf8 21.
Bh1 f6 22. Nf3 Rd7 23. Bg2 Rad8 24. g4 hxg4 25. hxg4 Nh6 26. Bh3 f5 27. g5 Nf7
28. c5 Re8 29. b4 b6 30. Rc1 Rb7 31. a3 Nd7 32. cxb6 Rxb6 33. Rc2 Nd6 34. Rec1
Rc8 35. Ne5 Bxe5 36. dxe5 Nb7 37. d4 a5 38. Bc3 Ra8 39. Bf1 a4 40. Bd2 Nd8 41.
b5 cxb5 42. Rc7 Nf8 43. Bb4 Rb7 44. Rxb7 Nxb7 45. Bxb5 Na5 46. Rc7 Rb8 47. Bxa4
Nc4 48. Bc6 Kh8 49. Be7 Nh7 50. Rb7 Ra8 51. Rb3 Rg8 52. Bd7 Nd2 53. Rb7 Ne4+
54. Ke3 Nf8 55. Bc8 1-0

[Event "2BLN 1920 SV Glückauf Rüdersdorf - SV W"]
[Site "?"]
[Date "2020.02.08"]
[Round "7.4"]
[White "Steczek, Marcin"]
[Black "Zumsande, Martin"]
[Result "1/2-1/2"]
[WhiteElo "2357"]
[BlackElo "2463"]
[PlyCount "84"]
[EventDate "2020.??.??"]

1. c4 e6 2. d4 d5 3. Nc3 Be7 4. Nf3 Nf6 5. Bg5 h6 6. Bh4 O-O 7. e3 b6 8. Rc1
Bb7 9. Be2 Nbd7 10. O-O c5 11. cxd5 Nxd5 12. Bg3 a6 13. Ne5 N7f6 14. dxc5 Bxc5
15. a3 Rc8 16. Nxd5 Nxd5 17. Bf3 Qe7 18. Qe2 Rfd8 19. Rfd1 b5 20. Nd3 Bb6 21.
h3 Ba8 22. e4 Nf6 23. Nb4 Bb7 24. Rxc8 Rxc8 25. Bd6 Qd7 26. e5 Ne8 27. Bc5 Qc7
28. Bxb7 Qxb7 29. Bxb6 Qxb6 30. Rd7 a5 31. Nd3 Rd8 32. Rxd8 Qxd8 33. Nc5 Nc7
34. Nb7 Qa8 35. Qe4 Nd5 36. Nd6 Qc6 37. g3 b4 38. Qf3 Qc7 39. Kg2 Qd7 40. h4
Qc7 41. axb4 axb4 42. b3 Qa7 1/2-1/2

[Event "2BLN 1920 SV Glückauf Rüdersdorf - SV W"]
[Site "?"]
[Date "2020.02.08"]
[Round "7.5"]
[White "Joachim, Sven"]
[Black "Dudzinski, Piotr"]
[Result "1/2-1/2"]
[WhiteElo "2390"]
[BlackElo "2325"]
[PlyCount "37"]
[EventDate "2020.??.??"]

1. e4 e6 2. d4 d5 3. Nc3 dxe4 4. Nxe4 Bd7 5. Nf3 Bc6 6. Bd3 Nd7 7. c3 Ngf6 8.
Nxf6+ Nxf6 9. Bf4 Bxf3 10. Qxf3 c6 11. O-O Be7 12. Be5 O-O 13. Rad1 Qd5 14. Qe2
g6 15. a3 Qd8 16. Bf4 Re8 17. Rfe1 Nd5 18. Be5 Bf8 19. Qd2 1/2-1/2

[Event "2BLN 1920 SV Glückauf Rüdersdorf - SV W"]
[Site "?"]
[Date "2020.02.08"]
[Round "7.6"]
[White "Janaszak, Dawid"]
[Black "Richter, Christian"]
[Result "1/2-1/2"]
[WhiteElo "2353"]
[BlackElo "2350"]
[PlyCount "83"]
[EventDate "2020.??.??"]

1. c4 Nf6 2. Nf3 g6 3. g3 Bg7 4. Bg2 O-O 5. O-O d6 6. d4 Nc6 7. Nc3 a6 8. b3
Rb8 9. d5 Na5 10. Bg5 c5 11. dxc6 bxc6 12. Qd2 c5 13. Rac1 Nc6 14. Rfe1 Re8 15.
h3 Bb7 16. Bh6 Bh8 17. Nd5 Qa5 18. Qxa5 Nxa5 19. e4 Nc6 20. Bg5 Nd7 21. Red1
Bg7 22. h4 h6 23. Bd2 Nf8 24. Bc3 Ne6 25. Kf1 Bxc3 26. Nxc3 Ned4 27. Ne1 Kg7
28. Nd3 e5 29. Rb1 Bc8 30. Rd2 a5 31. f4 f6 32. Kg1 Be6 33. Rf1 Nb4 34. Ne1 Re7
35. Kh2 Ra7 36. Bh3 Bg8 37. Rdf2 Rd8 38. Ng2 Nbc2 39. Rc1 Nb4 40. Rcf1 Nbc2 41.
Rc1 Nb4 42. Rcf1 1/2-1/2

[Event "2BLN 1920 SV Glückauf Rüdersdorf - SV W"]
[Site "?"]
[Date "2020.02.08"]
[Round "7.7"]
[White "Charmeteau, Sven"]
[Black "Sroczynski, Maciej"]
[Result "0-1"]
[WhiteElo "2347"]
[BlackElo "2269"]
[PlyCount "76"]
[EventDate "2020.??.??"]

1. e4 c5 2. Nf3 d6 3. d4 cxd4 4. Nxd4 Nf6 5. Nc3 a6 6. Bg5 e6 7. f4 Be7 8. Qf3
Qc7 9. O-O-O Nbd7 10. g4 b5 11. Bxf6 Nxf6 12. g5 Nd7 13. f5 Bxg5+ 14. Kb1 Ne5
15. Qh5 Qd8 16. Nxe6 Bxe6 17. fxe6 g6 18. exf7+ Kxf7 19. Qh3 Kg7 20. Qe6 Nf7
21. h4 Bf6 22. Nd5 Bxh4 23. e5 dxe5 24. Bg2 Ra7 25. Be4 Rd7 26. Rxh4 Qxh4 27.
Qxd7 Rd8 28. Qe6 Rd6 29. Qc8 Qxe4 30. Qb7 Qf3 31. Kc1 h5 32. b3 b4 33. Rd3 Qf1+
34. Kb2 e4 35. Rd4 Qf5 36. Kc1 Qe5 37. Rd1 e3 38. c4 bxc3 0-1

[Event "2BLN 1920 SV Glückauf Rüdersdorf - SV W"]
[Site "?"]
[Date "2020.02.08"]
[Round "7.8"]
[White "Szyszylo, Rafal"]
[Black "Wachinger, Nikolas"]
[Result "0-1"]
[WhiteElo "2218"]
[BlackElo "2284"]
[PlyCount "110"]
[EventDate "2020.??.??"]

1. e4 c5 2. Nf3 d6 3. d4 Nf6 4. Nc3 cxd4 5. Nxd4 a6 6. Bg5 e6 7. f4 h6 8. Bh4
Qb6 9. a3 Be7 10. Bf2 Qc7 11. Qf3 b5 12. O-O-O Bb7 13. g4 Nbd7 14. Bg2 g5 15.
f5 e5 16. Nde2 Rc8 17. Rd2 Nb6 18. Bxb6 Qxb6 19. Nd5 Bxd5 20. exd5 Rc4 21. h3
Ne4 22. f6 Nxd2 23. Kxd2 Bd8 24. Rf1 b4 25. b3 Rc5 26. a4 Qb7 27. Qd3 Bb6 28.
Be4 h5 29. Qf3 hxg4 30. Qxg4 Qc8 31. Rf5 Rc3 32. Bd3 Qc5 33. Rf3 Qxd5 34. Nxc3
bxc3+ 35. Ke2 Qb7 36. Qf5 Kd8 37. Be4 d5 38. Qxe5 Re8 39. Qd6+ Kc8 40. Rxc3+
Bc7 41. Rxc7+ Qxc7 42. Qxd5 Qxc2+ 43. Kf3 Qc3+ 44. Kg4 Qxf6 45. Qa8+ Kd7 46.
Qd5+ Ke7 47. Qc5+ Qd6 48. Qxg5+ Kf8 49. Bh7 Qd4+ 50. Kh5 Re5 51. Bf5 Qd5 52.
Qh6+ Ke8 53. Qh8+ Ke7 54. Kg4 Rxf5 55. Qh4+ Rf6 0-1

[Event "2BLN 1920 SF Berlin II - SG Turm Kiel I"]
[Site "?"]
[Date "2020.02.08"]
[Round "7.1"]
[White "Michna, Marta"]
[Black "Jakubowski, Krzysztof"]
[Result "0-1"]
[WhiteElo "2359"]
[BlackElo "2478"]
[PlyCount "92"]
[EventDate "2020.??.??"]

1. d4 Nf6 2. c3 d6 3. Nf3 g6 4. h3 Bg7 5. Bf4 O-O 6. Nbd2 Nbd7 7. e4 e5 8. dxe5
dxe5 9. Be3 b6 10. Qc2 Bb7 11. Be2 Qe7 12. b4 a5 13. a3 Ra7 14. O-O Rfa8 15.
Rfe1 h6 16. Rac1 axb4 17. axb4 Ne8 18. Nc4 Bc6 19. Qb1 Qe6 20. Nfd2 Ndf6 21.
Bd3 Nh5 22. Nb2 Bf8 23. Ndc4 Nf4 24. Bxf4 exf4 25. e5 Ra1 26. Qxa1 Rxa1 27.
Rxa1 f3 28. g4 h5 29. Be4 Bxe4 30. Rxe4 f5 31. Rd4 fxg4 32. Nd3 c5 33. bxc5
bxc5 34. Nf4 Qf5 35. Ne3 Qxe5 36. Nxg6 Qf6 37. Rd5 Qxg6 38. Ra8 g3 39. h4 Be7
40. Nf5 gxf2+ 41. Kxf2 Qg2+ 42. Ke3 Qe2+ 43. Kf4 Bf8 44. Re5 Qh2+ 45. Ng3 Qxh4+
46. Kxf3 Qf6+ 0-1

[Event "2BLN 1920 SF Berlin II - SG Turm Kiel I"]
[Site "?"]
[Date "2020.02.08"]
[Round "7.2"]
[White "Schmidek, Emil"]
[Black "Hoi, Carsten"]
[Result "0-1"]
[WhiteElo "2409"]
[BlackElo "2321"]
[PlyCount "58"]
[EventDate "2020.??.??"]

1. e4 g6 2. d4 Bg7 3. Nc3 d6 4. f4 Nf6 5. Nf3 O-O 6. Bd3 Nbd7 7. e5 Ne8 8. Qe2
c5 9. e6 fxe6 10. Bc4 Nc7 11. Ng5 cxd4 12. Bxe6+ Nxe6 13. Nxe6 Qa5 14. Nxf8
Kxf8 15. Qb5 Qc7 16. Nd1 Qxc2 17. Nf2 Nc5 18. O-O Bd7 19. Qb4 Bc6 20. Qd2 Qf5
21. Nh1 Ne4 22. Qe1 Qd5 23. Ng3 Nf6 24. Rf3 h5 25. Bd2 h4 26. Nf1 h3 27. Ng3
Ng4 28. Rd1 d3 29. Be3 Nxe3 0-1

[Event "2BLN 1920 SF Berlin II - SG Turm Kiel I"]
[Site "?"]
[Date "2020.02.08"]
[Round "7.3"]
[White "Boe, Mads"]
[Black "Polzin, Rainer"]
[Result "1/2-1/2"]
[WhiteElo "2271"]
[BlackElo "2411"]
[PlyCount "76"]
[EventDate "2020.??.??"]

1. d4 Nf6 2. Nf3 g6 3. Bg5 Bg7 4. e3 d6 5. Bd3 Nbd7 6. Nbd2 b6 7. c3 Bb7 8. h3
e5 9. e4 O-O 10. O-O h6 11. Bh4 Qe8 12. Re1 Nh5 13. Qc2 Nf4 14. Bf1 Ne6 15.
dxe5 Nxe5 16. Nxe5 Bxe5 17. Nc4 Bg7 18. Ne3 Nc5 19. f3 Qe5 20. Ng4 Qe6 21. Qd2
h5 22. Ne3 Bh6 23. Qd4 Qd7 24. Nd5 Bxd5 25. exd5 Rae8 26. Bf2 Rxe1 27. Rxe1 Re8
28. Rxe8+ Qxe8 29. b4 Nd7 30. c4 Bg7 31. Qe3 Qxe3 32. Bxe3 Bc3 33. b5 h4 34.
Bd3 f5 35. f4 Kf7 36. Kf2 Bf6 37. Kf3 Nc5 38. Bc2 Nd7 1/2-1/2

[Event "2BLN 1920 SF Berlin II - SG Turm Kiel I"]
[Site "?"]
[Date "2020.02.08"]
[Round "7.4"]
[White "Ahlander, Bjorn"]
[Black "Berg, Klaus"]
[Result "1-0"]
[WhiteElo "2417"]
[BlackElo "2284"]
[PlyCount "135"]
[EventDate "2020.??.??"]

1. d4 d5 2. c4 c6 3. Nf3 Nf6 4. Nc3 a6 5. c5 Bf5 6. Bf4 e6 7. e3 Nbd7 8. h3 h6
9. Be2 Be7 10. O-O O-O 11. b4 Ne4 12. Nxe4 Bxe4 13. a4 Bf6 14. Bd6 Be7 15. Bg3
Bf6 16. Bd6 Be7 17. Bg3 Bf6 18. Nd2 Bh7 19. f4 Be7 20. Ra2 Nf6 21. Bh4 Ne4 22.
Bxe7 Qxe7 23. Nxe4 Bxe4 24. Bd3 Bxd3 25. Qxd3 f6 26. Raf2 e5 27. fxe5 fxe5 28.
Rxf8+ Rxf8 29. Rxf8+ Qxf8 30. dxe5 a5 31. Qd4 axb4 32. Qxb4 Qe7 33. Qd4 Kf7 34.
h4 Ke6 35. e4 h5 36. exd5+ cxd5 37. a5 Qd8 38. Qb4 Kxe5 39. Qxb7 Qxa5 40. Qxg7+
Ke4 41. Qe7+ Kd3 42. Kf1 Qa1+ 43. Qe1 Qf6+ 44. Kg1 Qc6 45. Qb4 d4 46. Qb6 Qe8
47. Qf6 Kc4 48. c6 d3 49. c7 d2 50. Qa6+ Kb4 51. Qd6+ Kc3 52. Kh2 Kc2 53. Qc5+
Kb2 54. Qd4+ Kc2 55. Qc4+ Kb2 56. Qd4+ Kc2 57. Qc5+ Kb2 58. c8=Q Qxc8 59. Qxc8
d1=Q 60. Qb7+ Ka1 61. Qa7+ Kb2 62. Qf2+ Kc3 63. Qf3+ Qxf3 64. gxf3 Kd4 65. Kg2
Ke5 66. Kf2 Ke6 67. f4 Kf6 68. Ke3 1-0

[Event "2BLN 1920 SF Berlin II - SG Turm Kiel I"]
[Site "?"]
[Date "2020.02.08"]
[Round "7.5"]
[White "Luckow, Rolf"]
[Black "Florstedt, Johannes"]
[Result "1-0"]
[WhiteElo "2191"]
[BlackElo "2376"]
[PlyCount "75"]
[EventDate "2020.??.??"]

1. b3 e5 2. Bb2 Nc6 3. e3 Nf6 4. c4 d5 5. cxd5 Nxd5 6. a3 Qd6 7. Nc3 Nxc3 8.
Bxc3 Qg6 9. Nf3 Bd6 10. Bb5 e4 11. Nh4 Qg5 12. Bxc6+ bxc6 13. g3 O-O 14. f4
exf3 15. Qxf3 Rb8 16. b4 c5 17. bxc5 Bxc5 18. O-O Bb7 19. Qf4 Qd5 20. Kf2 Rbe8
21. Qf3 Qb3 22. Qf4 Bxe3+ 23. dxe3 Qxc3 24. Rac1 Qd2+ 25. Kg1 Qd5 26. Rxc7 g5
27. Qf3 Qxf3 28. Nxf3 Bxf3 29. Rxf3 g4 30. Rf4 Rxe3 31. Rxg4+ Kh8 32. Rxa7 Rb8
33. Rf4 Rb1+ 34. Kf2 Ree1 35. Rfxf7 Kg8 36. Rg7+ Kf8 37. Rxh7 Kg8 38. Rhd7 1-0

[Event "2BLN 1920 SF Berlin II - SG Turm Kiel I"]
[Site "?"]
[Date "2020.02.08"]
[Round "7.6"]
[White "Chatzidakis, Mihail"]
[Black "Zeller, Joerg"]
[Result "1-0"]
[WhiteElo "2363"]
[BlackElo "2173"]
[PlyCount "59"]
[EventDate "2020.??.??"]

1. e4 c5 2. Nf3 d6 3. d4 cxd4 4. Nxd4 Nf6 5. Nc3 a6 6. Qf3 g6 7. h3 Bg7 8. Be3
Nbd7 9. O-O-O Qc7 10. g4 h6 11. Qe2 b5 12. f4 b4 13. Nd5 Nxd5 14. exd5 Bb7 15.
Bg2 Nc5 16. Kb1 Na4 17. h4 h5 18. f5 gxf5 19. g5 Bc8 20. Bc1 Rb8 21. Ka1 Nc5
22. Nc6 Rb6 23. Rhe1 e5 24. dxe6 Rxc6 25. Bxc6+ Qxc6 26. exf7+ Kxf7 27. Qe7+
Kg8 28. Rxd6 Qb7 29. Rd8+ Kh7 30. g6+ 1-0

[Event "2BLN 1920 SF Berlin II - SG Turm Kiel I"]
[Site "?"]
[Date "2020.02.08"]
[Round "7.7"]
[White "Boehm, Thomas"]
[Black "Rudolf, Henrik"]
[Result "1/2-1/2"]
[WhiteElo "2147"]
[BlackElo "2299"]
[PlyCount "34"]
[EventDate "2020.??.??"]

1. d4 Nf6 2. Nf3 g6 3. g3 Bg7 4. Bg2 O-O 5. O-O d6 6. b3 c5 7. Bb2 cxd4 8. Nxd4
d5 9. Nd2 e5 10. N4f3 e4 11. Nd4 Nc6 12. c4 Re8 13. cxd5 Qxd5 14. Nxc6 bxc6 15.
Qc2 Bf5 16. Nc4 Qe6 17. Ne3 Bh3 1/2-1/2

[Event "2BLN 1920 SF Berlin II - SG Turm Kiel I"]
[Site "?"]
[Date "2020.02.08"]
[Round "7.8"]
[White "Lundin, Jan"]
[Black "Budzyn, Matthias"]
[Result "1-0"]
[WhiteElo "2342"]
[BlackElo "2152"]
[PlyCount "139"]
[EventDate "2020.??.??"]

1. e4 e5 2. Nf3 Nc6 3. Nc3 Nf6 4. d4 exd4 5. Nxd4 Bc5 6. Nxc6 bxc6 7. Bd3 O-O
8. Bg5 h6 9. Bh4 Re8 10. O-O g5 11. Bg3 d5 12. exd5 Bg4 13. Qd2 cxd5 14. Rfe1
Rxe1+ 15. Rxe1 c6 16. Na4 Bd6 17. Qc3 Bxg3 18. hxg3 Qd6 19. Qd4 Bd7 20. c4 Re8
21. Rxe8+ Bxe8 22. Qxa7 dxc4 23. Bxc4 c5 24. Nc3 Qd4 25. Qe7 Kg7 26. Be2 Qb4
27. a3 Qxb2 28. Qxc5 Qc1+ 29. Bf1 Bb5 30. Qxb5 Qxc3 31. Qb4 Qxb4 32. axb4 Nd5
33. b5 Nb6 34. f4 Kf6 35. Kf2 Ke6 36. Kf3 gxf4 37. gxf4 Kd5 38. Ke3 f6 39. g3
Nc8 40. Bg2+ Kc5 41. Bc6 Nd6 42. Bd7 f5 43. Bc6 Nc4+ 44. Kd3 Nd6 45. Ke3 Nc4+
46. Kf3 Kd6 47. Kg2 Ne3+ 48. Kh3 Kc5 49. Kh4 Kd6 50. Kh5 Nf1 51. Kxh6 Nxg3 52.
Kg5 Kc7 53. Kg6 Kd6 54. Kf6 Kc7 55. Ke5 Kb6 56. Bd7 Kc5 57. Kf6 Kb6 58. Kg5 Kc7
59. Bxf5 Ne2 60. Bd3 Nd4 61. f5 Nf3+ 62. Kf4 Nd4 63. Ke5 Nb3 64. Kd5 Na5 65.
Ke6 Nb7 66. Ke7 Nc5 67. Bf1 Ne4 68. f6 Nd6 69. f7 Nc8+ 70. Ke6 1-0

[Event "2BLN 1920 SG AE Magdeburg - Hamburger S"]
[Site "?"]
[Date "2020.02.09"]
[Round "8.1"]
[White "Souleidis, Georgios"]
[Black "Degtiarev, Evgeny"]
[Result "1/2-1/2"]
[WhiteElo "2414"]
[BlackElo "2386"]
[PlyCount "133"]
[EventDate "2020.??.??"]

1. e4 e5 2. Nf3 Nc6 3. Bb5 a6 4. Ba4 Nf6 5. O-O Be7 6. Re1 b5 7. Bb3 d6 8. c3
O-O 9. d4 Bg4 10. d5 Na5 11. Bc2 c6 12. h3 Bc8 13. dxc6 Qc7 14. Nbd2 Qxc6 15.
Nf1 Be6 16. Ng5 Rae8 17. a4 Bd8 18. Ng3 Bb6 19. axb5 axb5 20. Nf3 Kh8 21. Bd2
Nc4 22. Bg5 Ng8 23. b3 f6 24. Bc1 Na5 25. Bd2 Ra8 26. Rb1 Nb7 27. Qe2 Nc5 28.
Rb2 Ra3 29. Reb1 Rfa8 30. Ne1 Ra1 31. Nd3 Rxb1+ 32. Rxb1 Nxd3 33. Bxd3 Bd7 34.
Be1 Ne7 35. c4 bxc4 36. Bxc4 d5 37. exd5 Nxd5 38. Nh5 Bd4 39. Rd1 Re8 40. Qd3
Nb6 41. Ba6 g6 42. Ng3 Qd5 43. Kh1 Bxh3 44. f3 Ra8 45. Bc4 Nxc4 46. bxc4 Qe6
47. Qe4 Ra2 48. Bd2 Bf5 49. Qb7 Qd7 50. Qb8+ Kg7 51. Bb4 Qf7 52. c5 Bd7 53. Qd6
Rc2 54. Ne4 Bf5 55. c6 Bxe4 56. fxe4 g5 57. g4 h5 58. Bd2 hxg4 59. Qd7 g3 60.
Kg2 Rxc6 61. Qxc6 Qh5 62. Qd7+ Kg8 63. Qe6+ Kg7 64. Qd7+ Kg8 65. Qe6+ Kg7 66.
Qe7+ Kg8 67. Qe6+ 1/2-1/2

[Event "2BLN 1920 SG AE Magdeburg - Hamburger S"]
[Site "?"]
[Date "2020.02.09"]
[Round "8.2"]
[White "Roseneck, Jonas"]
[Black "Voigt, Roland"]
[Result "0-1"]
[WhiteElo "2425"]
[BlackElo "2447"]
[PlyCount "116"]
[EventDate "2020.??.??"]

1. e4 e6 2. d4 d5 3. Nd2 dxe4 4. Nxe4 Nd7 5. Nf3 Ngf6 6. Nxf6+ Nxf6 7. g3 Bd6
8. Bg2 O-O 9. O-O c5 10. c4 Qe7 11. dxc5 Bxc5 12. Bf4 a5 13. Ne5 Ra6 14. Qe2
Nd7 15. Nd3 Ba7 16. Rfd1 Nc5 17. Rac1 Re8 18. h4 h6 19. h5 e5 20. Qxe5 Re6 21.
Qc7 Qxc7 22. Bxc7 Re2 23. Nf4 Rxb2 24. Nd5 Bg4 25. Rb1 Nd3 26. Rxb2 Nxb2 27.
Rb1 Nxc4 28. Rxb7 Re1+ 29. Kh2 Bxf2 30. Rb8+ Kh7 31. Rb1 Bxh5 32. Rxe1 Bxe1 33.
Nf4 Bg4 34. Bd5 Ne3 35. Bxf7 Bf5 36. Ne2 Bd3 37. Nf4 Be4 38. Ne2 g5 39. Bh5 Bf2
40. Bxa5 g4 41. Bxg4 Nxg4+ 42. Kh3 Ne5 43. Bc3 Nc6 44. Kg4 Bb6 45. Nf4 Bb1 46.
Nd5 Bc5 47. Kh5 Bg6+ 48. Kg4 Bf7 49. Nf6+ Kg6 50. a4 Bb6 51. Kf4 Bb3 52. a5
Bc7+ 53. Ke3 Nxa5 54. Ne4 Nc6 55. Kf2 Ne5 56. Bd4 Bd5 57. Ke3 Ng4+ 58. Kf3 Kf5
0-1

[Event "2BLN 1920 SG AE Magdeburg - Hamburger S"]
[Site "?"]
[Date "2020.02.09"]
[Round "8.3"]
[White "Bracker, Frank"]
[Black "Woellermann, Jan"]
[Result "1-0"]
[WhiteElo "2384"]
[BlackElo "2352"]
[PlyCount "105"]
[EventDate "2020.??.??"]

1. Nf3 d5 2. c4 e6 3. g3 Nf6 4. Bg2 Be7 5. O-O O-O 6. b3 d4 7. e3 c5 8. exd4
cxd4 9. Re1 Nc6 10. d3 Nd7 11. Ba3 Re8 12. Bxe7 Rxe7 13. a3 a5 14. Nbd2 Nc5 15.
Qc2 e5 16. Ng5 Bf5 17. Nge4 Na6 18. c5 Qc7 19. Rac1 Bg6 20. Qc4 Rd8 21. Nd6 h6
22. N2e4 Kh7 23. Bh3 f6 24. Rb1 Rf8 25. Nf5 Bf7 26. Qc1 Be6 27. Ned6 Rd7 28.
Bg2 Qb8 29. Be4 Kg8 30. h4 Qa7 31. Bxc6 bxc6 32. b4 axb4 33. axb4 Nc7 34. Ra1
Qb8 35. Qd2 Nd5 36. Nxd4 exd4 37. Rxe6 Qxb4 38. Qxb4 Nxb4 39. Ra3 f5 40. Kg2 f4
41. g4 f3+ 42. Kg3 Nd5 43. Nf5 h5 44. Rxc6 hxg4 45. Rd6 Rdf7 46. Rxd5 Rxf5 47.
Rxf5 Rxf5 48. Ra8+ Kf7 49. Rc8 Re5 50. c6 Rc5 51. c7 Rc2 52. Kxg4 Rc3 53. h5
1-0

[Event "2BLN 1920 SG AE Magdeburg - Hamburger S"]
[Site "?"]
[Date "2020.02.09"]
[Round "8.4"]
[White "Gungl, Theo"]
[Black "Colpe, Malte"]
[Result "1-0"]
[WhiteElo "2348"]
[BlackElo "2365"]
[PlyCount "59"]
[EventDate "2020.??.??"]

1. e4 c5 2. Nf3 d6 3. d4 cxd4 4. Nxd4 Nf6 5. Nc3 a6 6. Bg5 e6 7. f4 Be7 8. Qf3
Qc7 9. O-O-O Nbd7 10. Bd3 h6 11. Bh4 g5 12. fxg5 Ne5 13. Qe2 Nfg4 14. Nf3 hxg5
15. Bg3 Bd7 16. h3 Nxf3 17. hxg4 Rxh1 18. Rxh1 Nh4 19. Rf1 Bc6 20. Qf2 Kd7 21.
Qd4 Rf8 22. Qg7 Ke8 23. e5 Bxg2 24. Rf2 Qd8 25. Nd1 Bf3 26. exd6 Bxd6 27. Bxd6
Qxd6 28. Qxg5 Qg3 29. Rd2 Bd5 30. Be4 1-0

[Event "2BLN 1920 SG AE Magdeburg - Hamburger S"]
[Site "?"]
[Date "2020.02.09"]
[Round "8.5"]
[White "Kramer, Julian"]
[Black "Andre, Gordon"]
[Result "1-0"]
[WhiteElo "2400"]
[BlackElo "2375"]
[PlyCount "81"]
[EventDate "2020.??.??"]

1. e4 e6 2. d4 d5 3. Bd3 c5 4. exd5 exd5 5. Nf3 c4 6. Be2 Nc6 7. O-O Bd6 8. b3
cxb3 9. axb3 Nge7 10. c4 Bg4 11. Nc3 O-O 12. c5 Bb8 13. h3 Be6 14. Ra4 Ng6 15.
b4 h6 16. b5 Nce7 17. Re1 Qd7 18. Bf1 Nf5 19. b6 Nfe7 20. Re2 Nc6 21. Rea2 Qe7
22. Bb5 Rc8 23. Bxc6 bxc6 24. Qb3 Qb7 25. Qa3 Re8 26. bxa7 Bc7 27. Re2 Re7 28.
Ra6 Bc8 29. Rxe7 Nxe7 30. Ra4 Bf5 31. Rb4 Qc8 32. Ne2 Ng6 33. Kf1 Bd7 34. Ne1
Ne7 35. Nd3 Bf5 36. Ne1 Ng6 37. Ng3 Bd7 38. Nh5 Bf5 39. g4 Bd7 40. Ng2 Qe8 41.
Bxh6 1-0

[Event "2BLN 1920 SG AE Magdeburg - Hamburger S"]
[Site "?"]
[Date "2020.02.09"]
[Round "8.6"]
[White "Paul, Johannes"]
[Black "Papp, Sarah"]
[Result "0-1"]
[WhiteElo "2374"]
[BlackElo "2316"]
[PlyCount "92"]
[EventDate "2020.??.??"]

1. d4 Nf6 2. c4 e6 3. Nf3 d5 4. g3 Bb4+ 5. Bd2 Be7 6. Bg2 O-O 7. O-O Nbd7 8.
Qc2 c6 9. Rc1 Ne4 10. Be1 f5 11. b4 Bf6 12. Nbd2 a5 13. a3 a4 14. Rab1 Qe7 15.
c5 g5 16. Qb2 Qg7 17. e3 g4 18. Nxe4 fxe4 19. Nd2 e5 20. Qa2 Qf7 21. Rd1 Bg5
22. Nf1 b5 23. cxb6 Ba6 24. b5 Bxb5 25. Bb4 Rfe8 26. Bc5 Bd8 27. Rxb5 cxb5 28.
Qe2 Bxb6 29. Qxg4+ Kh8 30. Bb4 exd4 31. exd4 Ne5 32. Qg5 Rad8 33. Ne3 Nd3 34.
Rxd3 exd3 35. Nf5 Rf8 36. g4 Bxd4 37. Qd2 Be5 38. Qxd3 Qc7 39. Bxf8 Rxf8 40. h3
Qc1+ 41. Bf1 Qf4 42. Kg2 h5 43. Qxd5 hxg4 44. hxg4 Qxg4+ 45. Ng3 Qf4 46. Kh3
Rg8 0-1

[Event "2BLN 1920 SG AE Magdeburg - Hamburger S"]
[Site "?"]
[Date "2020.02.09"]
[Round "8.7"]
[White "Van Delft, Merijn"]
[Black "Melamed, Tatjana"]
[Result "1/2-1/2"]
[WhiteElo "2375"]
[BlackElo "2357"]
[PlyCount "43"]
[EventDate "2020.??.??"]

1. e4 c5 2. Nf3 e6 3. d4 cxd4 4. Nxd4 Nc6 5. Nc3 Qc7 6. g3 a6 7. Bg2 Nf6 8. O-O
Nxd4 9. Qxd4 Bc5 10. Bf4 d6 11. Qd2 h6 12. Rad1 e5 13. Be3 Bb4 14. a3 Bxc3 15.
Qxc3 Qxc3 16. bxc3 Be6 17. Rxd6 Rc8 18. Bb6 O-O 19. Ba5 Rc4 20. Rb6 Rb8 21. Rd1
Nxe4 22. Re1 {(=)} 1/2-1/2

[Event "2BLN 1920 SG AE Magdeburg - Hamburger S"]
[Site "?"]
[Date "2020.02.09"]
[Round "8.8"]
[White "Schoene, Maria"]
[Black "Sehner, Norbert"]
[Result "1-0"]
[WhiteElo "2170"]
[BlackElo "2329"]
[PlyCount "85"]
[EventDate "2020.??.??"]

1. e4 c5 2. Nf3 d6 3. d4 cxd4 4. Nxd4 Nf6 5. Nc3 g6 6. Be3 Bg7 7. f3 Nc6 8. Qd2
O-O 9. Bc4 Bd7 10. Bb3 Qc7 11. O-O-O Rfc8 12. Kb1 Ne5 13. h4 Nc4 14. Bxc4 Qxc4
15. h5 b5 16. g4 b4 17. Nd5 Nxd5 18. exd5 e5 19. dxe6 fxe6 20. hxg6 hxg6 21.
Qh2 e5 22. Bh6 exd4 23. Bxg7 Kxg7 24. Qh7+ Kf6 25. g5+ Ke6 26. Rhe1+ Kd5 27.
Qf7+ Kc5 28. Qxd7 Rc6 29. b3 Qc3 30. Qe7 Kb6 31. Qe2 Re8 32. Qf2 Re3 33. Re2
Rc5 34. Red2 Rd5 35. Rd3 Rxd3 36. Rxd3 Qc5 37. f4 a5 38. Qd2 Kc6 39. Qe2 Kd7
40. Rh3 Rf5 41. Rh7+ Kc6 42. Qe4+ Kb5 43. Qe8+ 1-0

[Event "2BLN 1920 SC Empor Potsdam - FC St. Pau"]
[Site "?"]
[Date "2020.02.09"]
[Round "8.1"]
[White "Krause, Benedict"]
[Black "Hansch, Karsten"]
[Result "*"]
[WhiteElo "2427"]
[BlackElo "2293"]
[PlyCount "50"]
[EventDate "2020.??.??"]

1. e4 c6 2. d4 d5 3. Nd2 dxe4 4. Nxe4 Bf5 5. Ng3 Bg6 6. h4 h6 7. Nf3 Nd7 8. h5
Bh7 9. Bd3 Bxd3 10. Qxd3 e6 11. Bd2 Ngf6 12. O-O-O Be7 13. Kb1 Qb6 14. c4 O-O
15. Bf4 Rad8 16. Qc2 Rfe8 17. Rhe1 c5 18. d5 exd5 19. cxd5 Bd6 20. Rxe8+ Rxe8
21. Qa4 Bxf4 22. Qxf4 c4 23. Qd4 Qxd4 24. Rxd4 b5 25. Kc2 Kf8 {(=)} *

[Event "2BLN 1920 SC Empor Potsdam - FC St. Pau"]
[Site "?"]
[Date "2020.02.09"]
[Round "8.2"]
[White "Penzold, Andreas"]
[Black "Feuerstack, Aljoscha"]
[Result "1/2-1/2"]
[WhiteElo "2391"]
[BlackElo "2459"]
[PlyCount "82"]
[EventDate "2020.??.??"]

1. c4 c5 2. Nc3 Nf6 3. g3 e6 4. Nf3 b6 5. Bg2 Bb7 6. O-O Be7 7. d4 cxd4 8. Nxd4
Bxg2 9. Kxg2 Qc8 10. Qd3 Nc6 11. b3 O-O 12. Bb2 Rd8 13. Rfd1 a6 14. e4 Nxd4 15.
Qxd4 b5 16. e5 Ne8 17. cxb5 axb5 18. Qd3 b4 19. Na4 d6 20. Qf3 Qb8 21. exd6
Bxd6 22. Rac1 Ra7 23. Rc6 Be7 24. Rb6 Qc8 25. Rxd8 Qxd8 26. Be5 Nc7 27. h4 h6
28. Qe4 Bf8 29. h5 Ra5 30. Rb7 Qd5 31. Qxd5 Nxd5 32. Rb8 Ne3+ 33. fxe3 Rxe5 34.
Nb6 Rb5 35. Nd7 Rxb8 36. Nxb8 g6 37. hxg6 fxg6 38. Nc6 Kf7 39. Ne5+ Kf6 40.
Nd7+ Kf7 41. Ne5+ Kf6 1/2-1/2

[Event "2BLN 1920 SC Empor Potsdam - FC St. Pau"]
[Site "?"]
[Date "2020.02.09"]
[Round "8.3"]
[White "Sawatzki, Frank"]
[Black "Hansch, Stephan"]
[Result "1/2-1/2"]
[WhiteElo "2401"]
[BlackElo "2147"]
[PlyCount "60"]
[EventDate "2020.??.??"]

1. e4 c5 2. Nf3 d6 3. d4 cxd4 4. Nxd4 Nf6 5. Nc3 a6 6. Be2 e5 7. Nb3 Be7 8. O-O
O-O 9. a4 Be6 10. Bf3 Nbd7 11. Re1 Rc8 12. Nd2 Qc7 13. Nf1 d5 14. exd5 Bf5 15.
g4 Bg6 16. h4 h6 17. Ng3 Bd6 18. Kg2 Nc5 19. g5 hxg5 20. hxg5 Nh7 21. Bg4 Rce8
22. Nf5 Bxf5 23. Bxf5 g6 24. Bh3 f5 25. gxf6 Rxf6 26. Be3 e4 27. Qd4 b6 28.
Rad1 g5 29. Bg4 Qf7 30. Rh1 Be5 {(=)} 1/2-1/2